Sovereign Europe An Agenda for Europe in a Fragmented Global Economy

Saved in:
Bibliographic Details
Main Author: Guerrieri, Paolo
Other Authors: Padoan, Pier Carlo
Format: Book
Language:English
Published: Cheltenham Edward Elgar Publishing 2024
Edition:1st Edition
Subjects:
Tags: Add Tag
No Tags, Be the first to tag this record!

MARC

LEADER 00000nam a2200000 4500
001 0304885
005 20241104103539.1
020 |a 978-1-0353-4124-5 
041 0 |a eng 
044 |a GB 
245 1 0 |a Sovereign Europe  |b An Agenda for Europe in a Fragmented Global Economy  |c Paolo Guerrieri, Pier Carlo Padoan 
250 |a 1st Edition 
264 1 |a Cheltenham  |b Edward Elgar Publishing  |c 2024 
300 |a 133 s. 
500 |a ProQuest e-books. 
610 2 0 |a Európa 
610 2 0 |a Európska únia 
610 2 0 |a ekonómia medzinárodná 
610 2 0 |a spolupráca hospodárska medzinárodná 
610 2 0 |a rast hospodársky 
610 2 0 |a únie menové 
610 2 0 |a únie hospodárske 
100 1 |a Guerrieri, Paolo 
700 1 |a Padoan, Pier Carlo